LEADER 01093nam a22002651i 4500 001 991002857379707536 005 20040407160237.0 008 040624s1977 it a||||||||||||||||ita 035 $ab12988467-39ule_inst 035 $aARCHE-094614$9ExL 040 $aDip.to Beni Culturali$bita$cA.t.i. Arché s.c.r.l. Pandora Sicilia s.r.l. 082 04$a709.38 100 1 $aBianchi Bandinelli, Ranuccio$033601 245 13$aLa cultura ellenistica :$ble arti figurative /$cdi Roland Martin ... [et al.] 260 $aMilano :$bBompiani,$cc1977 300 $aP. 378-592, LXXXIV, 80 p. di tav. :$bill. ;$c23 cm 440 0$aStoria e civiltà dei Greci ;$v10 650 4$aArte ellenistica 700 1 $aMartin, Roland$eauthor$4http://id.loc.gov/vocabulary/relators/aut$0439590 907 $a.b12988467$b02-04-14$c12-07-04 912 $a991002857379707536 945 $aLE001 SG X 53$g1$i2001000041329$lle001$nV. 10. - C. 1$o-$pE0.00$q-$rl$sm $t0$u0$v0$w0$x0$y.i13593109$z12-07-04 996 $aCultura ellenistica$91449397 997 $aUNISALENTO 998 $ale001$b12-07-04$cm$da $e-$fita$git $h3$i1